000 00328 a2200145 4500
001 45679
020 _a9788589962032
040 _cAnchieta - Aquarius
240 1 0 _aCiência hoje na escola
_lpor
245 1 0 _aCiência hoje na escola
300 _a
362 0 _a0
650 4 _aCiências naturais e matemática
942 _cBK
999 _c45679
_d45679